000 00614nam a2200181Ia 4500
008 090123s9999 xx 000 0 und d
082 _b11967
100 _aचौधरी तारा
245 _aसिंहलद्वीपची सुंदरी
250 _a1
260 _bज्योत्स्ना प्रकाशन
_c1986
300 _a48
600 _aचौधरी तारा
630 _aसिंहलद्वीपची सुंदरी
700 _aचौधरी तारा
730 _aसिंहलद्वीपची सुंदरी
942 _cBOOK
999 _c50031
_d50031